Παλαιό Μουσείο, Βερολίνο
Αποθηκεύτηκε σε:
| Κύριος συγγραφέας: | |
|---|---|
| Μορφή: | Βιβλίο |
| Γλώσσα: | Greek |
| Δημοσίευση: |
Αθήνα :
Η Καθημερινή,
c2010.
|
| Σειρά: | Βιβλιοθήκη τέχνης (Εφημ. Η Καθημερινή)
10 |
| Θέματα: | |
| Ετικέτες: |
Προσθήκη ετικέτας
Δεν υπάρχουν, Καταχωρήστε ετικέτα πρώτοι!
|
MARC
| LEADER | 00000cam a2200000 i 4500 | ||
|---|---|---|---|
| 001 | 1/32163 | ||
| 008 | 130620s2010 gr | ||| |||| ||gre|| | ||
| 020 | |a 9789604751426 | ||
| 035 | |l 10114867 | ||
| 040 | |a GR-MyUa |b gre |e AACR2 | ||
| 041 | 0 | |a gre | |
| 082 | 7 | |a 709.3807443155 |2 (22) | |
| 100 | 1 | |a Κουτσούμπα, Δέσποινα. | |
| 245 | 1 | 0 | |a Παλαιό Μουσείο, Βερολίνο / |c κείμενα: Δέσποινα Κουτσούμπα. |
| 260 | |a Αθήνα : |b Η Καθημερινή, |c c2010. | ||
| 300 | |a 94 σ. : |b εικ. ; |c 20 εκ. | ||
| 490 | 0 | |a (Η ελληνική τέχνη στα μουσεία του κόσμου ; |v 10) | |
| 490 | 1 | |a (Βιβλιοθήκη τέχνης / Εφημ. Η Καθημερινή ; |v 10) | |
| 610 | 2 | 0 | |a Altes Museum (Berlin, Germany) |
| 650 | 0 | |a Art, Greek |z Germany |z Berlin. | |
| 830 | 0 | |a Βιβλιοθήκη τέχνης (Εφημ. Η Καθημερινή) |v 10 | |
| 852 | |a INST |b SYROS |e 20130620 |h 708.3155 ΠΑΛ |p 005500010890 |q 005500010890 |t BK |y 0 | ||
| 901 | |a BIBL5-2013-1 | ||
| 970 | |a Κοντού |b Παρασκευή |z 20/06/2013 | ||